000 00584nam a22002177a 4500
003 UA-OsUOA
001 38296
007 ta
008 20071127b un ||||| |||| 00| 0 ukr d
090 _a94(477).08
_bГ70
942 _cBR
040 _aUA-OsUOA
_bukr
_cUA-OsUOA
_dUA-OsUOA
245 _aГородок Ягайлонський. 23.12.1932.
300 _a24 с.
955 _a4
041 _aukr
080 _a94(477).08
260 _bВидавництво ім. Ольжича
_c1949
650 7 _a9 Географія. Біографії. Історія
_2UDC
999 _c436814
_d436814